Paroles - Orelsan - Du propre - Statistiques

Statistiques générales
  • Ce quiz a été pris 480 fois
  • Le résultat moyen est 302 sur 476
Statistiques - réponses
Paroles % Correct
du
99%
à
98%
c'est
98%
C'est
98%
"C'est
98%
ma
98%
propre
98%
propre,
98%
beau
95%
de
95%
le
95%
gosse
93%
Magic
92%
pour
92%
sauce
92%
un
92%
bah,
91%
"bah",
91%
bah
91%
ville,
91%
ville
91%
dernier
90%
Dernier
90%
en
90%
tu
90%
Tu
90%
shot
89%
shot,
89%
quand
88%
Ah
87%
ah
87%
ah,
87%
sur
86%
tes
86%
T'es
86%
t'es
86%
est
85%
mat'
85%
Cinq
84%
heures
83%
que
83%
port,
82%
dans
80%
les
80%
par
80%
elle
79%
Mort
79%
mon
75%
Cinq
74%
La
74%
la
74%
j'te
73%
J'te
73%
comme
71%
morte
71%
parle
71%
une
71%
ça
70%
peux
70%
69%
bâtard ?
68%
Bâtard,
68%
encore
67%
mais
67%
mes
67%
pourquoi
67%
AirPods
66%
oreilles
66%
ta
66%
ton
66%
plus
65%
tout
65%
profs
64%
profs,
64%
profs :
64%
si
64%
forces
63%
forces ?
63%
toujours
63%
trois
63%
mêmes
62%
plait
62%
possible",
62%
s'te
62%
Enfoiré,
61%
Enfoiré
61%
pas
61%
suce
61%
juste
60%
on
60%
qui
60%
Est-ce
59%
potes,
59%
vie
59%
Allez
58%
dirai
58%
faire
58%
garder
58%
t'as
58%
hop,
56%
Quelle
56%
quelle
56%
ses
56%
dernier
55%
genre
55%
San
55%
San,
55%
suceurs
55%
avis
54%
coms,
54%
disaient
54%
"ouais"
54%
Autopilote,
53%
époque,
53%
facile
53%
job
53%
J'ai
52%
boss
51%
d'la
51%
clope
50%
drague
50%
fait
50%
rabaissant
50%
j'vois
49%
J'vois
49%
merde
49%
c'que
48%
postes
48%
aïeux,
47%
Des
47%
des
47%
d'être
47%
relou
47%
relou,
47%
relou ?
47%
honte
46%
mode,
46%
mode
46%
veux
46%
couilles,
44%
fois
44%
fois,
44%
moi
44%
moi,
44%
Roi
44%
roi
44%
suis
44%
Casse
43%
dire
43%
finit
43%
j'pète
43%
pop,
43%
qu'une
43%
subjectif
43%
commence
42%
fan
42%
messages
42%
qu'est-ce
42%
s'embrouille
41%
comptabilité,
40%
j'veux
40%
J'veux
40%
d'emoji
39%
gosses
39%
m'sors ?
39%
Mets
38%
quatre
38%
double,
37%
ils
37%
l'salaire
36%
musique
36%
avec
34%
Numéro
34%
numéro
34%
bénéfices
33%
claquée,
33%
demande
33%
quoi
33%
j'envisage
32%
dangerous,
31%
sont
31%
infection
30%
m'demandes
30%
qu'tu
30%
clavier
29%
couche,
29%
derrière
29%
grandir
29%
point
29%
pressé
29%
audace
28%
ceux
28%
d'interrogation
28%
erreur
28%
jamais
28%
l'autoroute
28%
maintenant
28%
m'écoutes,
28%
passés
28%
zappé
28%
D'ailleurs
27%
jeunesse
27%
j'me
27%
l'intro
27%
ouvert
27%
trente
27%
voir
27%
bicross
26%
clips,
26%
courte
26%
d'affection,
26%
d'chiffres
26%
fans
26%
j't'ai
26%
lune
26%
manque
26%
n'importe
26%
remets
26%
T'étais
26%
d'arrêter,
25%
mémoire
25%
MeToo
25%
devenir
24%
grandiras
24%
Devant
23%
d'ton
23%
j'leur
23%
j'repense
23%
regrettes
23%
t'envoies
22%
vendrai
22%
J'efface
21%
m'clashaient,
18%
ait
17%
d'streams,
17%
leur
17%
Woah,
16%
d'clics,
13%
bam,
7%
Aucun quiz correspondant
Distribution des résultats
% des personnes avec chaque résultat
Percentile par nombre de réponses
Votre historique - résultats
Vous n’avez pas pris ce quiz